000 01712nam a2200433 a 4500
999 _c189367
_d189367
003 BLK
005 20250802163000.0
008 180411b bul|||||r ||||||| ||bul||
010 _aKNG00198402000
020 _a978-954-8396-73-8
_qмека подв.
020 _a978-954-8396-74-5
_qтвърда подв.
040 _aBLK
041 _aBUL
_cBUL
072 7 _2bullib
_aН85
_xДетска художествена литература Н
080 _aАмериканска литература (на САЩ)
_b821.111(73)
_x-93-32
_z821.111(73)-93-32
100 1 _aКини, Джеф
_eпърви автор
_9309890
139 _aКини, Джеф
_bК 54
245 1 0 _aДневникът на един Дръндьо : Кофти късмет : Ч.8
_cДжеф Кини ; прев. от англ. Михаил Балабанов.
257 _aUSA
260 _aСофия
_bДУО ДИЗАЙН
_c2016
300 _a218 с.
_bс ил.
_c21 см
380 _aDX
500 _aОриг. загл. Diary of a Wimpy Kid. Hard Luck / Jeff Kinney. - Съдържа и За автора. Кн. 8.
653 _aповести
653 _aлитература за деца
653 _aдетска литература
659 _aН
700 _aБалабанов, Михаил Петров
_eпрев. от англ.
_9443003
852 _aЦб 295096
856 4 _qpdf
_i0.00
_ldisable
856 4 _qpdf
_i0.00
_ldisable
942 _cKNG
_n0
_0333
_s1
944 _aCR
_c16.12.2016
_lИва Цветкова
_k30543
944 _aED
_c25.05.2017
_lф /
_kВиолета_Тройчева
999 _d189367
999 _d189367
999 _d189367
999 _d189367